The Ghana Law Reports 1960 (Record no. 615)
[ view plain ]
| 000 -LEADER | |
|---|---|
| fixed length control field | 00637nam a22001577a 4500 |
| 003 - CONTROL NUMBER IDENTIFIER | |
| control field | OSt |
| 005 - DATE AND TIME OF LATEST TRANSACTION | |
| control field | 20241105094914.0 |
| 008 - FIXED-LENGTH DATA ELEMENTS--GENERAL INFORMATION | |
| fixed length control field | 241105b |||||||| |||| 00| 0 eng d |
| 040 ## - | |
| -- | Central University Library |
| 245 ## - TITLE STATEMENT | |
| Title | The Ghana Law Reports 1960 |
| Remainder of title | Cases determined by the High Court of Justice |
| 260 ## - PUBLICATION, DISTRIBUTION, ETC. | |
| Place of publication, distribution, etc. | Accra, Ghana |
| Name of publisher, distributor, etc. | Black Mask Limited |
| Date of publication, distribution, etc. | 2016 |
| 300 ## - PHYSICAL DESCRIPTION | |
| Extent | xx, 282 pages. |
| Dimensions | 25.5 cm |
| 500 ## - GENERAL NOTE | |
| General note | Cases determined by the High Court of Justice and on appeal therefrom in the Court of Appeal and by the Supreme Court and High Court of the Republic of Ghana to be cited as (1960) G.L.R. |
| 650 ## - SUBJECT ADDED ENTRY--TOPICAL TERM | |
| Source of heading or term | Law Reports |
| 942 ## - ADDED ENTRY ELEMENTS (KOHA) | |
| Source of classification or shelving scheme | Library of Congress Classification |
| Koha item type | Books |
| Suppress in OPAC | No |
| 999 ## - | |
| -- | 615 |
| -- | 615 |
| Withdrawn status | Lost status | Source of classification or shelving scheme | Damaged status | Not for loan | Collection | Home library | Current library | Shelving location | Date acquired | Total checkouts | Full call number | Barcode | Date last seen | Copy number | Price effective from | Koha item type |
|---|---|---|---|---|---|---|---|---|---|---|---|---|---|---|---|---|
| Library of Congress Classification | Non-fiction | Law Library (Christ Temple) | Law Library (Christ Temple) | General stacks | 06/30/2025 | GLR60K528.G4 GHA | LLCT00000837 | 06/30/2025 | 1 | 06/30/2025 | Books | |||||
| Library of Congress Classification | Non-fiction | Law Library (Christ Temple) | Law Library (Christ Temple) | General stacks | 06/30/2025 | GLR60K528.G4 GHA | LLCT00000838 | 06/30/2025 | 2 | 06/30/2025 | Books | |||||
| Library of Congress Classification | Non-fiction | Law Library Annex (Miotso) | Law Library Annex (Miotso) | General stacks | 11/05/2024 | GLR 60 K528.G4 GHA | LLM00000376 | 11/05/2024 | 1 | 11/05/2024 | Books |